[Event "85th Southwest Open 2019"]
[Site "Dallas"]
[Date "2019.09.02"]
[Round "8.24"]
[White "Chen, Ryo"]
[Black "Kumar, Naman"]
[Result "1-0"]
[WhiteElo "1957"]
[BlackElo "2158"]
[Annotator "NA"]
[PlyCount "89"]
[EventDate "2019.08.29"]
[EventType "swiss"]
[EventCountry "USA"]
[SourceTitle "playchess.com"]
[Source "ChessBase"]
[SourceQuality "1"]
[TimeControl "5400+30"]

1. e4 {[%emt 0:00:00]} e5 {[%emt 0:00:00]} 2. Nf3 {[%emt 0:00:00]} Nc6 {[%emt 0:00:00]} 3. Bb5 {[%emt 0:00:00]} a6 {[%emt 0:00:00]} 4. Ba4 {[%emt 0:00:04]} Nf6 {[%emt 0:00:00]} 5. d3 {[%emt 0:00:12]} b5 {[%emt 0:00:06]} 6. Bb3 {[%emt 0:00:06]} Be7 {[%emt 0:00:07]} 7. O-O {[%emt 0:00:13]} O-O {[%emt 0:00:37]} 8. Bd5 {[%emt 0:00:26]} Bd6 {[%emt 0:05:51]} 9. Bxc6 {[%emt 0:02:08]} dxc6 {[%emt 0:00:18]} 10. h3 {[%emt 0:02:45]} h6 {[%emt 0:02:12]} 11. b3 {[%emt 0:00:48]} Qe7 {[%emt 0:03:52]} 12. Bb2 {[%emt 0:03:03]} Kh7 {[%emt 1:22:57]} 13. Nh2 {[%emt 0:14:20]} g6 {[%emt 0:00:00]} 14. Qe2 {[%emt 1:12:55]} Nh5 {[%emt 0:00:00]} 15. a4 {[%emt 0:00:30]} Nf4 {[%emt 0:00:00]} 16. Qf3 {[%emt 0:00:00]} h5 {[%emt 0:00:00]} 17. Nc3 {[%emt 0:00:00]} Bd7 {[%emt 0:00:00]} 18. Ne2 {[%emt 0:00:00]} Ne6 {[%emt 0:00:00]} 19. Qe3 {[%emt 0:00:00]} Bc5 {[%emt 0:00:00]} 20. Qd2 {[%emt 0:00:00]} Ng5 {[%emt 0:00:00]} 21. Kh1 {[%emt 0:00:00]} f6 {[%emt 0:00:00]} 22. f4 {[%emt 0:00:00]} exf4 {[%emt 0:00:00]} 23. Nxf4 {[%emt 0:00:00]} Bd6 {[%emt 0:00:00]} 24. Nf3 {[%emt 0:00:00]} Be5 {[%emt 0:00:00]} 25. Nxe5 {[%emt 0:05:00]} fxe5 {[%emt 0:00:00]} 26. Ba3 {[%emt 0:00:00]} Qf6 {[%emt 0:00:00]} 27. Bxf8 {[%emt 0:00:00]} Rxf8 {[%emt 0:00:00]} 28. Nxh5 {[%emt 0:00:00]} Qxf1+ {[%emt 0:00:00]} 29. Rxf1 {[%emt 0:00:00]} Rxf1+ {[%emt 0:00:00]} 30. Kh2 {[%emt 0:00:00]} Ne6 {[%emt 0:00:00]} 31. Ng3 {[%emt 0:00:00]} Rf7 {[%emt 0:00:00]} 32. Ne2 {[%emt 0:00:00]} c5 {[%emt 0:00:00]} 33. axb5 {[%emt 0:00:00]} axb5 {[%emt 0:00:00]} 34. Kg1 {[%emt 0:00:00]} Kg7 {[%emt 0:00:00]} 35. Qc3 {[%emt 0:00:00]} Kf6 {[%emt 0:00:00]} 36. Kh2 {[%emt 0:00:00]} Rh7 {[%emt 0:00:00]} 37. Ng1 {[%emt 0:00:00]} c6 {[%emt 0:00:58]} 38. Nf3 {[%emt 0:00:00]} Nd4 {[%emt 0:03:55]} 39. Qxc5 {[%emt 0:07:00]} Nxf3+ {[%emt 0:00:17]} 40. gxf3 {[%emt 0:00:00]} Ke6 {[%emt 0:01:44]} 41. Kg3 {[%emt 0:00:00]} Rh8 {[%emt 0:00:40]} 42. Qa3 {[%emt 0:00:00]} g5 {[%emt 0:00:14]} 43. c3 {[%emt 0:00:00]} Kf7 {[%emt 0:00:49]} 44. Qd6 {[%emt 0:00:00]} Rxh3+ {[%emt 0:00:28]} 45. Kg2 {[%emt 0:03:00]} 1-0

[Event "85th Southwest Open 2019"]
[Site "Dallas"]
[Date "2019.09.02"]
[Round "8.25"]
[White "Green, Austen"]
[Black "Nair, Ajitesh"]
[Result "1-0"]
[WhiteElo "2132"]
[BlackElo "1457"]
[Annotator "NA"]
[PlyCount "97"]
[EventDate "2019.08.29"]
[EventType "swiss"]
[EventCountry "USA"]
[SourceTitle "playchess.com"]
[Source "ChessBase"]
[SourceQuality "1"]
[TimeControl "5400+30"]

1. e4 {[%emt 0:00:00]} e5 {[%emt 0:00:00]} 2. Nf3 {[%emt 0:00:00]} Nc6 {[%emt 0:00:00]} 3. d4 {[%emt 0:00:00]} exd4 {[%emt 0:00:00]} 4. Nxd4 {[%emt 0:00:00]} Bc5 {[%emt 0:00:01]} 5. Nxc6 {[%emt 0:00:00]} bxc6 {[%emt 0:01:27]} 6. Bd3 {[%emt 0:00:00]} Ne7 {[%emt 0:00:29]} 7. Qh5 {[%emt 0:03:23]} Bb6 {[%emt 0:04:05]} 8. Nd2 {[%emt 0:00:13]} O-O {[%emt 0:02:18]} 9. Nf3 {[%emt 0:02:29]} Ng6 {[%emt 0:09:11]} 10. e5 {[%emt 0:13:22]} d6 {[%emt 0:11:05]} 11. O-O {[%emt 0:02:10]} Qd7 {[%emt 0:02:46]} 12. Ng5 {[%emt 0:08:11]} h6 {[%emt 0:11:34]} 13. e6 {[%emt 0:00:13]} fxe6 {[%emt 0:02:58]} 14. Bxg6 {[%emt 0:00:13]} Ba6 {[%emt 0:00:41]} 15. Bd2 {[%emt 0:03:29]} Bxf1 {[%emt 0:01:11]} 16. Rxf1 {[%emt 0:00:05]} Rf6 {[%emt 0:05:17]} 17. Nf3 {[%emt 0:02:40]} e5 {[%emt 0:04:42]} 18. Bg5 {[%emt 0:12:11]} Rff8 {[%emt 0:10:14]} 19. Bh4 {[%emt 0:09:23]} Rf4 {[%emt 0:04:36]} 20. Bg3 {[%emt 0:00:46]} Rf6 {[%emt 0:01:51]} 21. Bh4 {[%emt 0:41:42]} Rf4 {[%emt 0:01:02]} 22. b3 {[%emt 0:00:00]} Qg4 {[%emt 0:03:24]} 23. Bf7+ {[%emt 0:00:00]} Kh8 {[%emt 0:01:44]} 24. Qxg4 {[%emt 0:00:00]} Rxg4 {[%emt 0:00:07]} 25. Be6 {[%emt 0:00:00]} Rf4 {[%emt 0:00:51]} 26. Bg3 {[%emt 0:00:00]} Rf6 {[%emt 0:00:32]} 27. Bd7 {[%emt 0:00:00]} c5 {[%emt 0:00:34]} 28. Bc6 {[%emt 0:00:00]} Rb8 {[%emt 0:00:38]} 29. Rd1 {[%emt 0:00:00]} Ba5 {[%emt 0:01:20]} 30. Nd2 {[%emt 0:00:00]} Bxd2 {[%emt 0:00:28]} 31. Rxd2 {[%emt 0:00:00]} Rb6 {[%emt 0:00:45]} 32. Be4 {[%emt 0:00:00]} Rb8 {[%emt 0:00:36]} 33. f3 {[%emt 0:00:00]} g5 {[%emt 0:01:13]} 34. h4 {[%emt 0:00:00]} Kg7 {[%emt 0:00:46]} 35. Kf2 {[%emt 0:00:00]} Rh8 {[%emt 0:00:42]} 36. Ke3 {[%emt 0:00:00]} Kf7 {[%emt 0:01:15]} 37. Rd1 {[%emt 0:00:00]} Kg7 {[%emt 0:00:45]} 38. Rh1 {[%emt 0:00:00]} Rf7 {[%emt 0:00:24]} 39. Kd3 {[%emt 0:00:00]} Rff8 {[%emt 0:00:32]} 40. Be1 {[%emt 0:00:00]} Rf7 {[%emt 0:01:20]} 41. Bd5 {[%emt 0:00:00]} Re7 {[%emt 0:00:14]} 42. Bd2 {[%emt 0:00:00]} gxh4 {[%emt 0:01:14]} 43. Rxh4 {[%emt 0:00:00]} Kg6 {[%emt 0:01:03]} 44. Ra4 {[%emt 0:00:00]} c6 {[%emt 0:00:10]} 45. Bxc6 {[%emt 0:00:00]} Rc8 {[%emt 0:00:11]} 46. Ra6 {[%emt 0:00:00]} Kg7 {[%emt 0:00:55]} 47. Bd5 {[%emt 0:00:00]} Rh8 {[%emt 0:00:48]} 48. Rxd6 {[%emt 0:00:00]} h5 {[%emt 0:00:09]} 49. Ke4 {[%emt 0:00:00]} 1-0

[Event "85th Southwest Open 2019"]
[Site "Dallas"]
[Date "2019.09.02"]
[Round "9.1"]
[White "Dragun, Kamil"]
[Black "Xiong, Jeffery"]
[Result "*"]
[WhiteElo "2586"]
[BlackElo "2707"]
[Annotator "TA"]
[PlyCount "39"]
[EventDate "2019.08.29"]
[EventType "swiss"]
[EventCountry "USA"]
[SourceTitle "playchess.com"]
[Source "ChessBase"]
[SourceQuality "1"]

{[%evp 9,10,-25,-17]} 1. d4 g6 2. c4 Bg7 3. g3 c5 4. Nf3 cxd4 5. Nxd4 Nc6 {Predecessor:} 6. Nc2 $146 Nf6 7. Bg2 O-O 8. O-O Qa5 9. Nc3 Qh5 10. e4 Qxd1 11. Rxd1 d6 12. b3 Bg4 13. f3 Be6 14. Bb2 Rfc8 15. Rab1 Rab8 16. Ne3 Bd7 17. Rd2 a6 18. c5 Be6 19. cxd6 exd6 20. Rxd6 {1-0 (60) Bu,X (2712)-Safarli,E (2676) Batumi 2018} *

[Event "85th Southwest Open 2019"]
[Site "Dallas"]
[Date "2019.09.03"]
[Round "9.1"]
[White "Dragun, Kamil"]
[Black "Xiong, Jeffery"]
[Result "1/2-1/2"]
[WhiteElo "2586"]
[BlackElo "2707"]
[Annotator "TA"]
[PlyCount "59"]
[EventDate "2019.08.29"]
[EventType "swiss"]
[EventCountry "USA"]
[SourceTitle "playchess.com"]
[Source "ChessBase"]
[SourceQuality "1"]

{[%evp 10,59,-13,-18,-1,-25,-15,-9,-28,-1,0,0,19,0,0,-8,0,-17,-5,-24,-22,-22,-18,-21,-19,-14,-19,-12,-11,-18,-20,-16,-17,-12,-4,-18,-27,-35,-29,-31,-22,-22,0,0,0,0,0,0,0,0,0,0]} 1. d4 g6 2. c4 Bg7 3. g3 c5 4. Nf3 cxd4 5. Nxd4 Nc6 6. Nc2 h5 $146 {A30: Symmetrical English: Double Fianchetto and Hedgehog} (6... Nf6 7. Bg2 O-O 8. O-O Qa5 9. Nc3 Qh5 10. e4 Qxd1 11. Rxd1 d6 12. b3 Bg4 13. f3 Be6 14. Bb2 Rfc8 15. Rab1 Rab8 16. Ne3 Bd7 17. Rd2 a6 18. c5 Be6 19. cxd6 exd6 20. Rxd6 {1-0 (60) Bu,X (2712)-Safarli,E (2676) Batumi 2018}) 7. h4 d6 8. Bg2 Be6 9. Ne3 Nf6 10. Nc3 O-O 11. O-O Rc8 12. Bd2 Qd7 13. Rc1 Bh3 14. Ncd5 Bxg2 15. Kxg2 Nxd5 16. cxd5 Nd4 17. Bc3 Nf5 18. Nxf5 Qxf5 19. Bxg7 Rxc1 20. Qxc1 {[#] White threatens Qh6 and mate.} Kxg7 $11 {[%mdl 4096] Endgame KQR-KQR} 21. Qc3+ Kg8 22. Qd4 Qc2 23. Kf3 Rc8 24. Rd1 $1 b5 25. Rd3 {The position is equal.} Qb1 26. Qxa7 Qh1+ 27. Ke3 Qc1+ 28. Kf3 $1 Qh1+ 29. Ke3 Qc1+ 30. Kf3 $1 {Accuracy: White = 69%, Black = 76%.} 1/2-1/2

[Event "85th Southwest Open 2019"]
[Site "Dallas"]
[Date "2019.09.02"]
[Round "9.2"]
[White "Shtembuliak, Evgeny"]
[Black "Hilby, Craig"]
[Result "*"]
[WhiteElo "2548"]
[BlackElo "2396"]
[Annotator "TA"]
[PlyCount "32"]
[EventDate "2019.08.29"]
[EventType "swiss"]
[EventCountry "USA"]
[SourceTitle "playchess.com"]
[Source "ChessBase"]
[SourceQuality "1"]

{[%evp 15,17,0,10,0]} 1. d4 Nf6 2. c4 g6 3. Nc3 d5 4. cxd5 Nxd5 5. e4 Nxc3 6. bxc3 Bg7 7. Bb5+ c6 8. Ba4 O-O 9. Nf3 {D85: Exchange Grünfeld: Unusual White 7th moves and lines with 7 Nf3} (9. Ne2 b5 10. Bb3 a5 11. a4 b4 12. cxb4 axb4 13. Be3 c5 14. Rc1 cxd4 15. Nxd4 Bd7 16. O-O Qe8 17. Rc4 Bxa4 18. Rxb4 Bxb3 19. Qxb3 {½-½ (30) Svidler,P (2729)-Grischuk,A (2794) Sochi 2015}) {Predecessor:} 9... Qa5 $146 10. Bd2 Qa6 11. Bb3 c5 12. d5 e6 13. Qe2 Qxe2+ 14. Kxe2 exd5 15. Bxd5 Nd7 16. Rab1 Nb6 {0-1 (26) Drozdovskij,Y (2562)-Sutovsky,E (2629) Moscow 2007} *

[Event "85th Southwest Open 2019"]
[Site "Dallas"]
[Date "2019.09.03"]
[Round "9.2"]
[White "Shtembuliak, Evgeny"]
[Black "Hilby, Craig"]
[Result "1-0"]
[WhiteElo "2548"]
[BlackElo "2396"]
[Annotator "TA"]
[PlyCount "121"]
[EventDate "2019.08.29"]
[EventType "swiss"]
[EventCountry "USA"]
[SourceTitle "playchess.com"]
[Source "ChessBase"]
[SourceQuality "1"]

{[%evp 15,121,0,6,0,15,8,46,44,55,64,70,65,81,57,66,75,118,58,58,54,56,58,58,58,58,58,58,58,50,56,148,136,157,149,166,157,171,170,161,161,170,81,154,152,156,155,153,153,195,185,219,176,219,190,206,189,196,196,258,249,258,249,669,669,647,377,617,612,798,767,2312,2120,12838,12836,12828,12826,12816,12817,12810,12810,12803,12804,12802,12802,12662,9739,6902,6758,6115,6100,643,0,2289,0,6750,6750,29977,29978,29977,29978,29982,29983,29983,29984,29984,29985,29984,29984]} 1. d4 Nf6 2. c4 g6 3. Nc3 d5 4. cxd5 Nxd5 5. e4 Nxc3 6. bxc3 Bg7 7. Bb5+ c6 8. Ba4 O-O 9. Nf3 {D85: Exchange Grünfeld: Unusual White 7th moves and lines with 7 Nf3} (9. Ne2 b5 10. Bb3 a5 11. a4 b4 12. cxb4 axb4 13. Be3 c5 14. Rc1 cxd4 15. Nxd4 Bd7 16. O-O Qe8 17. Rc4 Bxa4 18. Rxb4 Bxb3 19. Qxb3 {½-½ (30) Svidler,P (2729)-Grischuk,A (2794) Sochi 2015}) 9... c5 10. O-O b6 $146 ({Predecessor:} 10... cxd4 11. cxd4 Bg4 12. Rb1 Nc6 13. d5 Nd4 14. Bb2 Bxf3 15. gxf3 e5 16. f4 b5 17. fxe5 Bxe5 {1-0 (38) Graf,A (2632)-Kovchan,A (2488) Warsaw 2005}) 11. Bg5 {White is slightly better.} Qc7 12. Rc1 Ba6 13. Re1 b5 {[#] Threatens to win with ...h6.} 14. Bc2 Nc6 15. Bd3 Qb7 {[%cal Rc5d4]} 16. a4 (16. e5 $16) 16... bxa4 $14 {[%cal Rc5d4]} 17. Bxa6 Qxa6 18. d5 Rfd8 19. Qc2 Ne5 20. Nxe5 Bxe5 21. Bxe7 {[%mdl 64] Double Attack} Rd7 22. Bxc5 Qc4 {[#]} (22... Rc8 $14 23. Bb4 Rb7) 23. Bd4 $1 $16 {[%cal Rd4e5]} Bxd4 24. cxd4 Qxd4 25. Red1 Qb4 26. Rb1 Qa5 27. Ra1 a3 28. Qd3 (28. Qb3 $18) 28... a2 (28... Re8 $142) 29. Rd2 f5 {intending ...fxe4.} 30. Raxa2 fxe4 31. Qxe4 Qc3 {( -> ...Qc1+)} 32. g3 Rad8 33. h4 Qf6 34. Kg2 Rf8 35. Rd3 Qf5 36. Qc4 Qe5 (36... Rd6 {might work better.} 37. Rdd2 Qf7) 37. d6+ $18 Kg7 38. Rad2 Rff7 $2 (38... Rf5 39. Qc8 Rff7) 39. Re3 Qf6 40. Qd5 Qf5 $2 (40... Rf8 41. Re6 Qf5 42. Qd4+ Kf7) 41. Re5 Qf6 42. Re6 Qc3 43. Rde2 h5 44. Qe4 Rf6 45. Re7+ Rf7 46. Qd5 {Intending Qxf7+ and mate.} Qf6 47. Rxd7 Rxd7 {[%mdl 4096] Endgame KQR-KQR} 48. Re6 Qf5 49. Qd4+ Kf7 50. Re3 Kg8 51. Re8+ Kf7 52. Rh8 Ke6 53. Re8+ (53. Kh2 $142) 53... Kf7 54. Re3 (54. Qh8 $142 Qd5+ 55. Kh2 Qxd6 56. Rg8) 54... Kg8 55. Rf3 Qe6 56. Rf6 {White mates.} Qe8 57. Qd5+ Kg7 58. Re6 Qf7 59. Qe5+ Kh7 60. Re8 {[%csl Ge5][%cal Re8h8]} Qg7 61. Re7 {Accuracy: White = 76%, Black = 32%.} 1-0

[Event "85th Southwest Open 2019"]
[Site "Dallas"]
[Date "2019.09.03"]
[Round "9.3"]
[White "Beradze, Irakli"]
[Black "Gabuzyan, Hovhannes"]
[Result "0-1"]
[WhiteElo "2493"]
[BlackElo "2613"]
[Annotator "TA"]
[PlyCount "70"]
[EventDate "2019.08.29"]
[EventType "swiss"]
[EventCountry "USA"]
[SourceTitle "playchess.com"]
[Source "ChessBase"]
[SourceQuality "1"]

{[%evp 9,70,-18,-25,-31,-31,-29,-21,-34,-24,-14,-17,-6,-8,-15,-2,-35,-23,-16,-8,-48,-36,-43,-17,-37,-42,-58,-58,-48,-58,-47,-50,-69,-72,-71,-37,-79,-77,-91,-85,-92,-85,-91,-81,-344,-347,-335,-336,-347,-323,-584,-575,-553,-408,-510,-508,-419,-223,-1322,-825,-768,-681,-873,-848]} 1. d4 Nf6 2. c4 c5 3. e3 g6 4. Nc3 Bg7 5. g3 cxd4 6. exd4 {A56: Czech Benoni} d5 7. cxd5 Nxd5 8. Bg2 {The position is equal.} Nxc3 (8... Be6 {keeps more tension.} 9. Nf3 Nc6 10. O-O O-O 11. Bg5 h6) 9. bxc3 O-O 10. Ne2 Nc6 11. O-O Na5 12. Nf4 $146 ({Predecessor:} 12. Bf4 Bg4 13. h3 {0-1 (40) Hallerod,R (2107)-Wirig,A (2510) Dieppe 2011}) 12... Bd7 13. Re1 Rc8 14. h4 Re8 15. Bd2 h5 16. Rb1 Bg4 17. Qa4 b6 $1 18. Nd5 $1 Bd7 $36 {[%mdl 2048] Black has some pressure.} 19. Qd1 Bc6 20. Ne3 Bxg2 21. Nxg2 e5 22. g4 exd4 23. Rxe8+ Qxe8 24. cxd4 Nc6 {[%cal Ba5c6,Bc6d4,Bd4f3][%mdl 32]} 25. gxh5 Nxd4 {[#] Strongly threatening ...Qe4.} 26. Qg4 $2 {[%mdl 8192]} (26. hxg6 $17 fxg6 27. Qg4) 26... gxh5 $19 27. Qh3 Rc2 28. Be3 Qe4 {Hoping for ...Nf3+.} ({Much less strong is} 28... Rxa2 29. Bxd4 Bxd4 30. Qg3+ Kh8 31. Rf1 $19) 29. Rd1 $2 (29. Ne1 {was worth a try.} Rxa2 30. Rd1) 29... Nf3+ 30. Kh1 Rxa2 31. Nf4 Nxh4+ 32. Kg1 Qf3 (32... Nf3+ $142 33. Kf1 Ra5) 33. Qf1 $2 (33. Qxf3 Nxf3+ 34. Kg2 Nh4+ 35. Kh3) 33... Qg4+ {Black is clearly winning.} 34. Kh1 Nf5 {[#] And now ...Qf3+ would win.} 35. Rd8+ Kh7 {Accuracy: White = 38%, Black = 78%.} 0-1

[Event "85th Southwest Open 2019"]
[Site "Dallas"]
[Date "2019.09.03"]
[Round "9.4"]
[White "Stukopin, Andrey"]
[Black "Matsenko, Sergei"]
[Result "1/2-1/2"]
[WhiteElo "2564"]
[BlackElo "2521"]
[Annotator "TA"]
[PlyCount "57"]
[EventDate "2019.08.29"]
[EventType "swiss"]
[EventCountry "USA"]
[SourceTitle "playchess.com"]
[Source "ChessBase"]
[SourceQuality "1"]

{[%evp 9,57,16,16,11,17,14,13,22,23,19,13,20,13,13,6,5,16,14,14,22,19,10,13,0,1,5,1,0,0,0,0,-51,-39,-36,-39,-27,-17,-20,0,0,0,0,0,0,0,0,0,0,0,0]} 1. e4 e6 2. d4 d5 3. Bd3 c5 4. exd5 exd5 5. Nf3 c4 (5... Nf6 6. O-O c4 7. Re1+ Be7 8. Be2 O-O 9. b3 cxb3 10. axb3 Nc6 11. c3 Re8 12. Nbd2 Bd6 13. Bd3 Bg4 14. Rxe8+ Qxe8 {0-1 (52) Fontaine,R (2563)-Carlsen,M (2834) chess.com INT 2018}) 6. Be2 {C01: French: Exchange Variation} Nf6 7. O-O Bd6 $146 ({Predecessor:} 7... Be7 8. b3 cxb3 9. axb3 Bg4 10. c4 O-O 11. h3 Bh5 12. Nc3 Bb4 13. Bb2 {½-½ (13) Bauer,T (2171)-Rumpl,E (2293) Austria 2018}) 8. b3 cxb3 $1 9. axb3 O-O 10. c4 Nc6 11. Nc3 Bb4 12. Bb2 Bg4 13. h3 Bh5 14. Ne5 Bxe2 15. Nxe2 dxc4 16. Nxc6 bxc6 17. bxc4 a5 18. Ng3 Qe7 19. Qf3 Qe6 20. Rfd1 ({White should try} 20. Rad1 $11) 20... Qxc4 $15 21. d5 $1 Nxd5 {[#]} 22. Bxg7 $1 {[%mdl 512]} Kxg7 23. Rac1 {The position is equal.} Bc3 {Strongly threatening ...Qb4.} 24. Ne4 Rae8 25. Nxc3 Qf4 26. Nxd5 Qxf3 27. gxf3 {[#] Black must now prevent Nc7.} cxd5 28. Rxd5 Ra8 29. Ra1 {Accuracy: White = 80%, Black = 90%.} 1/2-1/2

[Event "85th Southwest Open 2019"]
[Site "Dallas"]
[Date "2019.09.02"]
[Round "9.4"]
[White "Stukopin, Andrey"]
[Black "Matsenko, Sergei"]
[Result "*"]
[WhiteElo "2564"]
[BlackElo "2521"]
[Annotator "TA"]
[PlyCount "25"]
[EventDate "2019.08.29"]
[EventType "swiss"]
[EventCountry "USA"]
[SourceTitle "playchess.com"]
[Source "ChessBase"]
[SourceQuality "1"]

{[%evp 9,23,26,22,6,14,8,27,18,19,16,18,7,14,0,6,23]} 1. e4 e6 2. d4 d5 3. Bd3 c5 4. exd5 exd5 5. Nf3 c4 (5... Nf6 6. O-O c4 7. Re1+ Be7 8. Be2 O-O 9. b3 cxb3 10. axb3 Nc6 11. c3 Re8 12. Nbd2 Bd6 13. Bd3 Bg4 14. Rxe8+ Qxe8 {0-1 (52) Fontaine,R (2563)-Carlsen,M (2834) chess.com INT 2018}) 6. Be2 {C01: French: Exchange Variation} Nf6 7. O-O Bd6 8. b3 {White has an edge.} cxb3 {The position is equal.} 9. axb3 O-O 10. c4 Nc6 11. Nc3 Bb4 12. Bb2 {Predecessor:} a6 $146 13. Qd3 {0-1 (56) Pohranc,R (2271)-Cepela,V (2442) Slovakia 2003} *

[Event "85th Southwest Open 2019"]
[Site "Dallas"]
[Date "2019.09.02"]
[Round "9.5"]
[White "Stremavicius, Titas"]
[Black "Preotu, Razvan"]
[Result "1/2-1/2"]
[WhiteElo "2498"]
[BlackElo "2494"]
[Annotator "TA"]
[PlyCount "28"]
[EventDate "2019.08.29"]
[EventType "swiss"]
[EventCountry "USA"]
[SourceTitle "playchess.com"]
[Source "ChessBase"]
[SourceQuality "1"]

{[%evp 15,28,17,25,18,25,0,0,0,0,0,0,0,0,0,0]} 1. d4 Nf6 2. c4 g6 3. Nc3 d5 4. cxd5 Nxd5 5. e4 Nxc3 6. bxc3 Bg7 7. Nf3 c5 8. Be3 Qa5 9. Nd2 {D85: Exchange Grünfeld: Unusual White 7th moves and lines with 7 Nf3} (9. Qd2 Nc6 10. Rb1 cxd4 11. cxd4 O-O 12. Qxa5 Nxa5 13. Bd3 Bg4 14. O-O Bxf3 15. gxf3 e6 16. Rfd1 Rfd8 17. Bf1 b6 18. Ba6 {1-0 (37) Carlsen,M (2875)-Vachier Lagrave,M (2779) Zagreb 2019}) 9... Bd7 10. Nb3 Qxc3+ {The position is equal.} 11. Bd2 Qb2 12. Bc1 Qc3+ 13. Bd2 {[#]} Qb2 $146 14. Bc1 Qc3+ 1/2-1/2

[Event "85th Southwest Open 2019"]
[Site "Dallas"]
[Date "2019.09.02"]
[Round "9.5"]
[White "Stremavicius, Titas"]
[Black "Preotu, Razvan"]
[Result "*"]
[WhiteElo "2498"]
[BlackElo "2494"]
[Annotator "TA"]
[PlyCount "36"]
[EventDate "2019.08.29"]
[EventType "swiss"]
[EventCountry "USA"]
[SourceTitle "playchess.com"]
[Source "ChessBase"]
[SourceQuality "1"]

{[%evp 15,16,20,14]} 1. d4 Nf6 2. c4 g6 3. Nc3 d5 4. cxd5 Nxd5 5. e4 Nxc3 6. bxc3 Bg7 7. Nf3 c5 8. Be3 Qa5 {Predecessor:} 9. Qd2 $146 O-O 10. Rc1 Nd7 11. Bd3 e5 12. d5 f5 13. Bh6 fxe4 14. Bxe4 Qa4 15. Bc2 Qg4 16. Qg5 Nf6 17. Bxg7 Kxg7 18. Rd1 Qc4 {½-½ (71) Onischuk,A (2647)-Wei,Y (2733) Astana 2019} *

[Event "85th Southwest Open 2019"]
[Site "Dallas"]
[Date "2019.09.03"]
[Round "9.6"]
[White "Sorokin, Aleksey"]
[Black "Javakhadze, Zurab"]
[Result "1-0"]
[WhiteElo "2514"]
[BlackElo "2441"]
[Annotator "TA"]
[PlyCount "119"]
[EventDate "2019.08.29"]
[EventType "swiss"]
[EventCountry "USA"]
[SourceTitle "playchess.com"]
[Source "ChessBase"]
[SourceQuality "1"]

{[%evp 13,119,20,19,18,16,16,15,19,19,14,32,27,29,-25,-25,-15,-12,-11,54,52,72,79,89,59,102,85,111,111,102,56,87,55,118,114,110,88,79,60,82,66,228,232,214,236,231,225,234,137,136,129,124,110,124,128,137,127,134,141,138,125,149,83,188,102,85,102,123,120,128,125,119,122,216,208,210,204,193,190,189,184,190,106,126,108,174,174,152,144,261,205,354,352,342,337,325,312,686,679,630,583,821,727,698,697,675,652,602,602]} 1. d4 Nf6 2. c4 e6 3. Nc3 d5 4. cxd5 exd5 5. Bg5 c6 6. e3 Bd6 7. Bd3 O-O 8. Nge2 {D35: Queen's Gambit Declined: Exchange Variation} Re8 9. Qc2 h6 10. Bh4 {The position is equal.} a5 (10... Nbd7 11. g4 Nf8 12. h3 b5 13. Rg1 Ne6 14. f4 Bxf4 15. Bh7+ Kh8 16. exf4 Nxd4 17. Qd3 Nxe2 18. Nxe2 Qa5+ {0-1 (45) Mamedyarov,S (2809)-Kramnik,V (2800) Moscow 2018}) 11. a3 Na6 {[%cal Bb8a6,Ba6c7,Bc7e6][%mdl 32]} 12. h3 Nc7 13. g4 $146 (13. O-O $142) ({Predecessor:} 13. O-O Ne6 14. Rad1 Bd7 15. f3 {½-½ (48) Ringoir,T (2510)-Korley,K (2437) Charlotte 2019}) 13... Ne6 $11 14. Kf1 Be7 15. Kg2 c5 (15... b6 $11) 16. dxc5 $14 Nxc5 17. Bb5 Rf8 18. Rad1 Qb6 19. Nd4 Rd8 20. f3 Be6 21. Bf2 Rac8 22. h4 Nh7 (22... Ne8 $14) 23. Qe2 Nf8 24. a4 Bf6 25. g5 hxg5 26. hxg5 Bxg5 $2 ({Black should play} 26... Bxd4 $1 $14 27. exd4 Na6) 27. f4 $1 $18 {[%cal Rf4g5]} Bh6 28. f5 Bd7 29. Nxd5 Bxb5 30. Nxb5 (30. Nxb6 Bxe2 31. Nxe2 (31. Nxc8 Bxd1 32. Ne7+ Kh7 $15) 31... Rxd1 $14) (30. Ne7+ $18 Kh7 31. axb5 (31. Nxb5 Rxd1 32. Rxd1 Rd8 $14)) 30... Rxd5 $16 31. Rxd5 {Black must now prevent Nd6.} Ne4 32. Nc3 Rxc3 33. bxc3 Nxc3 34. Rb5 Qf6 35. Qc4 Nxb5 36. Qxb5 {[%mdl 64] Double Attack} Qe7 37. Qd5 ({Better is} 37. Qd3) 37... Nd7 (37... Bxe3 $16 38. f6 gxf6) 38. Rh3 (38. Qxb7 $6 Qg5+ 39. Bg3 Qxe3 $16) (38. Rd1 $18 Qg5+ 39. Kf1) 38... Nf6 39. Qd4 (39. Qxa5 Qe4+ 40. Rf3 Kh7 $11) 39... b6 40. Kf3 $1 ({Of course not} 40. Qxb6 $6 Qe4+ 41. Kg1 Qg4+ 42. Rg3 Qxf5 $14) 40... Nd7 41. Ke2 Nc5 {[#]} 42. f6 $1 {[%mdl 512]} Qe6 (42... Qe4 $16) (42... Qxf6 43. Qxf6) 43. Qd8+ $18 Kh7 {[#]} 44. fxg7 $1 {[%csl Gd8][%cal Rg7g8][%mdl 512]} Qc4+ (44... Kxg7 45. Rg3+) 45. Kf3 $1 {[%csl Gd8][%cal Rg7g8]} Qe4+ {[#]} 46. Kg3 $1 {[%csl Gd8][%cal Rg7g8]} Kxg7 47. Rh4 $40 {[%mdl 128] White is out for blood.} ({Resist} 47. Qxb6 $6 Bxe3 48. Qb2+ Kf8 $14) ({White should try} 47. Kh2 $18 {aiming for Rg3+.} f6 48. Qxb6) 47... Qe5+ $16 48. Kg2 {Hoping for Rg4+.} Qg5+ (48... Ne6 $16 49. Rg4+ (49. Qxb6 Qd5+ 50. Kh2 Qa2 $18) 49... Bg5 50. Qxb6 f5 51. Qb7+ Kf6) 49. Qxg5+ $18 Bxg5 {[%mdl 4096] Endgame KRB-KBN} 50. Rg4 Kh6 (50... Kg6 $16 {was worth a try.} 51. Kf3 f5) 51. Kf3 f5 (51... Kg6 {might work better.} 52. Bg3 Ne6) 52. Rc4 Kg6 {[#]} 53. Bg3 $1 Bd8 54. Bd6 Ne4 $2 (54... Ne6 55. Rc8 Kf6) 55. Rc6 {White is clearly winning.} Kf7 56. Bc7 Ng5+ 57. Ke2 Be7 58. Bxb6 Bb4 59. Bc5 Bc3 60. Bd4 {Accuracy: White = 80%, Black = 47%.} 1-0